[Event "17th Rakosmente Open"]
[Site "1174 Szabadság utca 24. I. em"]
[Date "2019.03.15"]
[Round "1.2"]
[White "Hornyak, Geza"]
[Black "Horvath, Csaba"]
[Result "1/2-1/2"]
[WhiteElo "1547"]
[BlackElo "1823"]
[PlyCount "134"]
[EventDate "2019.03.15"]

1. d4 Nf6 2. Nc3 d5 3. Nf3 g6 4. Ne5 Bg7 5. e3 O-O 6. Be2 c5 7. dxc5 Ne4 8.
Nxe4 Bxe5 9. Nd2 Qa5 10. O-O Qxc5 11. Nb3 Qd6 12. f4 Bg7 13. Bd3 Nc6 14. c3 e5
15. Bd2 Ne7 16. e4 dxe4 17. Bxe4 f5 18. Bc2 e4 19. Be3 Rd8 20. Qxd6 Rxd6 21.
Bc5 Rd7 22. Rad1 Kf7 23. Rxd7 Bxd7 24. Rd1 Ba4 25. Kf2 Ke8 26. Ke2 b6 27. Bd4
Bh6 28. g3 Rd8 29. Bf6 Rxd1 30. Bxd1 Nd5 31. Be5 Bf8 32. h3 Bb5+ 33. Kf2 a5 34.
g4 Bc4 35. a3 Bh6 36. g5 Bf8 37. Nd4 Bc5 38. h4 b5 39. Be2 Bxe2 40. Kxe2 b4 41.
axb4 axb4 42. Ne6 Bg1 43. c4 Ne7 44. b3 Nc6 45. Nc7+ Kd7 46. Nd5 Nxe5 47. fxe5
Ke6 48. Nxb4 Kxe5 49. Nc2 f4 50. b4 f3+ 51. Ke1 Kf4 52. c5 Kg3 53. Kf1 Bf2 54.
c6 Bb6 55. b5 f2 56. Ne3 Kf3 57. Nd5 e3 58. Nc3 Bc7 59. Ne2 Bb6 60. Nc3 Bc7 61.
Ne2 Bb6 62. Nc1 Ba5 63. Ne2 Bb6 64. Nc3 Bc7 65. Ne2 Bb6 66. Nc1 Bc7 67. Ne2 Bb6
1/2-1/2

[Event "17th Rakosmente Open"]
[Site "1174 Szabadság utca 24. I. em"]
[Date "2019.03.15"]
[Round "1.3"]
[White "Sulcz, Istvan"]
[Black "Makrai, Bence"]
[Result "1-0"]
[WhiteElo "1810"]
[BlackElo "1429"]
[PlyCount "83"]
[EventDate "2019.03.15"]

1. d4 d5 2. Nf3 c5 3. c3 Nc6 4. Bf4 Nf6 5. e3 Bg4 6. Nbd2 e6 7. Be2 cxd4 8.
exd4 Bd6 9. Bg3 Qc7 10. O-O Bxg3 11. hxg3 Nd7 12. Re1 O-O 13. Bd3 e5 14. dxe5
Ndxe5 15. Be2 h5 16. Nb3 Rad8 17. Nxe5 Nxe5 18. f3 Be6 19. Nd4 Nc6 20. f4 Nxd4
21. Qxd4 b6 22. Bxh5 Qc5 23. Rad1 Rc8 24. Qxc5 bxc5 25. Bf3 Rfd8 26. f5 Bxf5
27. Rxd5 Rxd5 28. Bxd5 Kf8 29. Kf2 Rd8 30. c4 Rd6 31. Re3 Ra6 32. a3 Rb6 33.
Re2 Rb3 34. Bc6 Be6 35. Ba4 Rb6 36. b3 Ke7 37. Ke3 Kd6 38. Kf4 Bd7 39. Rd2+ Ke6
40. Bxd7+ Kf6 41. Ba4 a5 42. Rd5 1-0

[Event "17th Rakosmente Open"]
[Site "1174 Szabadság utca 24. I. em"]
[Date "2019.03.15"]
[Round "1.4"]
[White "Soti, Szabolcs"]
[Black "Safar, Istvan"]
[Result "0-1"]
[WhiteElo "1412"]
[BlackElo "1695"]
[PlyCount "34"]
[EventDate "2019.03.15"]

1. e4 c5 2. Nf3 Nc6 3. Nc3 g6 4. d4 cxd4 5. Nxd4 Bg7 6. Be3 e6 7. Qd2 Nge7 8.
O-O-O a6 9. Nf3 Qa5 10. Nd4 O-O 11. Kb1 b5 12. a3 b4 13. Nxc6 Nxc6 14. axb4
Qxb4 15. Kc1 Rb8 16. Na4 Qxa4 17. Re1 Qa1# 0-1

[Event "17th Rakosmente Open"]
[Site "1174 Szabadság utca 24. I. em"]
[Date "2019.03.15"]
[Round "1.5"]
[White "Szurkos, Andras"]
[Black "Marton, Zoltan"]
[Result "0-1"]
[WhiteElo "1689"]
[BlackElo "1375"]
[PlyCount "86"]
[EventDate "2019.03.15"]

1. e4 c5 2. d4 cxd4 3. Nf3 Nc6 4. Bc4 Nf6 5. e5 Nxe5 6. Bb3 Nxf3+ 7. Qxf3 g6 8.
O-O Bg7 9. Na3 O-O 10. Bg5 h6 11. Bf4 d6 12. h3 e5 13. Bd2 Kh7 14. Rae1 Rb8 15.
Bb4 a5 16. Bd2 b5 17. c4 b4 18. Nb1 Ba6 19. Rc1 Bb7 20. Qd1 Ne4 21. Be1 f5 22.
f3 Nc5 23. Bc2 Qg5 24. h4 Qe7 25. Bf2 h5 26. Qe2 Rbe8 27. Rcd1 Ne6 28. g3 Qc7
29. Be1 Nc5 30. Nd2 Qc6 31. Nb3 Qc7 32. Nd2 e4 33. fxe4 fxe4 34. Rxf8 Bxf8 35.
Bb1 Bg7 36. Nf1 Qf7 37. Bd2 Be5 38. Bg5 d3 39. Qe3 Qxc4 40. b3 Qd5 41. Kh2 Bd4
42. Qe1 e3 43. Bxe3 Qg2# 0-1

[Event "17th Rakosmente Open"]
[Site "1174 Szabadság utca 24. I. e"]
[Date "2019.03.15"]
[Round "1.6"]
[White "Kovacs, Reka"]
[Black "Novak, Levente Peter"]
[Result "0-1"]
[WhiteElo "1252"]
[BlackElo "1637"]
[PlyCount "70"]
[EventDate "2019.03.15"]

1. e4 c5 2. Nf3 d6 3. d4 cxd4 4. Qxd4 Nc6 5. Bb5 Bd7 6. Bxc6 Bxc6 7. Nc3 Nf6 8.
Bg5 g6 9. Bxf6 exf6 10. O-O Bg7 11. Rad1 O-O 12. Qxd6 Qa5 13. b4 Qa3 14. Rd3
Rad8 15. Qxd8 Rxd8 16. Rxd8+ Bf8 17. Nd5 Kg7 18. Nxf6 Be7 19. Ne8+ Kf8 20. Rd3
Qxb4 21. Nc7 Qxe4 22. Re1 Qc4 23. Ne5 Qxc2 24. Nd7+ Kg8 25. Ne5 Bc5 26. Rd8+
Kg7 27. Nd3 Bb6 28. Rc1 Qxa2 29. Ne8+ Kh6 30. Rb8 Qd2 31. Nf6 Qxd3 32. Ng8+ Kg7
33. Ne7 Qd2 34. Rf1 Bb5 35. Rg8+ Kf6 0-1

[Event "17th Rakosmente Open"]
[Site "1174 Szabadság utca 24. I. em"]
[Date "2019.03.16"]
[Round "2.1"]
[White "Novak, Levente Peter"]
[Black "Bellan, Istvan"]
[Result "1-0"]
[WhiteElo "1637"]
[BlackElo "1870"]
[PlyCount "61"]
[EventDate "2019.03.15"]

1. e4 c5 2. Nf3 d6 3. d4 cxd4 4. Nxd4 Nf6 5. Nc3 a6 6. Be3 e5 7. Nb3 Be6 8. f3
Be7 9. Qd2 O-O 10. g4 Nbd7 11. O-O-O Nb6 12. h4 Nc4 13. Bxc4 Bxc4 14. h5 a5 15.
g5 Nd7 16. Qg2 a4 17. Nd2 Qc7 18. g6 Be6 19. Rdg1 Bf6 20. Nd5 Bxd5 21. exd5
Rfc8 22. gxh7+ Kh8 23. Ne4 g6 24. hxg6 fxg6 25. Rh2 Bg7 26. Qxg6 Nf8 27. Qg4 a3
28. b3 Qe7 29. Bh6 Bxh6+ 30. Rxh6 Nd7 31. Qg8+ 1-0

[Event "17th Rakosmente Open"]
[Site "1174 Szabadság utca 24. I. em"]
[Date "2019.03.16"]
[Round "2.2"]
[White "Timko, Gyula"]
[Black "Sulcz, Istvan"]
[Result "1-0"]
[WhiteElo "1574"]
[BlackElo "1810"]
[PlyCount "77"]
[EventDate "2019.03.15"]

1. Nf3 Nf6 2. d4 g6 3. Bf4 Bg7 4. Qd2 d6 5. h3 Nbd7 6. Bh6 O-O 7. Bxg7 Kxg7 8.
e3 e5 9. c3 Qe7 10. Bc4 e4 11. Nh2 Nb6 12. Bb3 d5 13. Qe2 c6 14. Nd2 a5 15. a3
Bd7 16. c4 dxc4 17. Nxc4 Nxc4 18. Bxc4 b5 19. Ba2 b4 20. Bc4 bxa3 21. bxa3 Rfb8
22. O-O Rb6 23. Rfb1 Rxb1+ 24. Rxb1 Qxa3 25. Rb7 Qd6 26. Ng4 Nxg4 27. hxg4 Rb8
28. Rxb8 Qxb8 29. Qa2 Qb4 30. Bxf7 a4 31. g5 a3 32. Bb3 Qa5 33. Kf1 Qb4 34. Kg1
Be8 35. g3 Qe1+ 36. Kg2 Qc1 37. Be6 Qb2 38. Qc4 Kf8 39. Qc5+ 1-0

[Event "17th Rakosmente Open"]
[Site "1174 Szabadság utca 24. I. em"]
[Date "2019.03.16"]
[Round "2.3"]
[White "Safar, Istvan"]
[Black "Ladi, Nandor"]
[Result "1-0"]
[WhiteElo "1695"]
[BlackElo "1565"]
[PlyCount "79"]
[EventDate "2019.03.15"]

1. d4 d5 2. g3 g6 3. Bg2 Bg7 4. Nf3 Nf6 5. O-O O-O 6. Re1 b6 7. c3 Bb7 8. Bf4
c5 9. Nbd2 e6 10. Rc1 c4 11. Qc2 b5 12. Bg5 Nbd7 13. Ne5 Qc7 14. Bf4 Nh5 15.
Nxd7 Qxd7 16. Be3 f5 17. Nf3 f4 18. Bd2 fxg3 19. hxg3 Qe7 20. Ng5 Bf6 21. Nh3
e5 22. e4 Qf7 23. dxe5 Bxe5 24. Bh6 Ng7 25. exd5 Bd6 26. Rcd1 Rad8 27. Be3 a6
28. Ng5 Qf5 29. Qxf5 Rxf5 30. g4 Re5 31. f4 Re7 32. Ne4 Ne8 33. Nxd6 Nxd6 34.
Bc5 Rxe1+ 35. Rxe1 Nf7 36. Bd4 h6 37. Re6 Rd6 38. f5 Bxd5 39. Rxd6 Nxd6 40.
Bxd5+ 1-0

[Event "17th Rakosmente Open"]
[Site "1174 Szabadság utca 24. I. em"]
[Date "2019.03.16"]
[Round "2.4"]
[White "Marton, Zoltan"]
[Black "Hornyak, Geza"]
[Result "1-0"]
[WhiteElo "1375"]
[BlackElo "1547"]
[PlyCount "43"]
[EventDate "2019.03.15"]

1. e4 c5 2. Nf3 Nc6 3. c3 d5 4. exd5 Qxd5 5. d4 cxd4 6. cxd4 Bg4 7. Be2 Nf6 8.
Nc3 Qd7 9. d5 Bxf3 10. gxf3 Rd8 11. dxc6 Qxd1+ 12. Bxd1 bxc6 13. Ba4 Rc8 14.
Be3 a6 15. O-O e6 16. Rac1 Bb4 17. a3 Bxc3 18. Rxc3 Kd7 19. Rfc1 Nd5 20. Bxc6+
Ke7 21. Bc5+ Kf6 22. Bxd5 1-0

[Event "17th Rakosmente Open"]
[Site "1174 Szabadság utca 24. I. em"]
[Date "2019.03.16"]
[Round "2.5"]
[White "Horvath, Csaba"]
[Black "Szurkos, Andras"]
[Result "1-0"]
[WhiteElo "1823"]
[BlackElo "1689"]
[PlyCount "123"]
[EventDate "2019.03.15"]

1. e4 e5 2. Nf3 Nc6 3. Bb5 Nd4 4. Bc4 d6 5. c3 Nxf3+ 6. Qxf3 Qf6 7. Qg3 h5 8.
d3 h4 9. Qg5 h3 10. Qxf6 Nxf6 11. g3 Bg4 12. Nd2 c6 13. a4 d5 14. exd5 cxd5 15.
Bb5+ Bd7 16. O-O O-O-O 17. Re1 Bd6 18. Nf3 Bg4 19. Ng5 a6 20. Nxf7 axb5 21.
axb5 Kc7 22. Nxh8 Rxh8 23. Be3 Bf5 24. d4 Re8 25. b3 Bd3 26. c4 dxc4 27. bxc4
exd4 28. Bxd4 Re4 29. Rxe4 Bxe4 30. c5 Bf8 31. Be5+ Kd7 32. c6+ bxc6 33. b6 c5
34. Ra7+ Ke6 35. b7 Bxb7 36. Bxf6 gxf6 37. Rxb7 Bd6 38. Rh7 c4 39. Kf1 Kd5 40.
Ke2 Kd4 41. Rd7 Kc5 42. Kd2 Be5 43. Rh7 Bd4 44. f3 Kb4 45. Kc2 Kc5 46. Rh5+ Kd6
47. Rxh3 Ke6 48. Rh4 Kd5 49. Rh7 Bf2 50. g4 Bd4 51. Rh5+ Kd6 52. Rf5 Be5 53. f4
Bd4 54. h4 Ke6 55. h5 Kf7 56. g5 Kg7 57. Rd5 Ba1 58. Rd7+ Kg8 59. g6 Kf8 60. f5
Ke8 61. Ra7 Be5 62. g7 1-0

[Event "17th Rakosmente Open"]
[Site "1174 Szabadság utca 24. I. em"]
[Date "2019.03.16"]
[Round "2.7"]
[White "Makrai, Bence"]
[Black "Kovacs, Reka"]
[Result "0-1"]
[WhiteElo "1429"]
[BlackElo "1252"]
[PlyCount "82"]
[EventDate "2019.03.15"]

1. e4 c5 2. Nf3 Nc6 3. d4 cxd4 4. Nxd4 Nf6 5. Nc3 e5 6. Nb3 Bb4 7. Bc4 Nxe4 8.
Qd5 Nd6 9. Bd2 Nxc4 10. Qxc4 O-O 11. a3 Be7 12. O-O-O d6 13. Be3 Be6 14. Qe2 d5
15. Bc5 d4 16. Bxe7 Qxe7 17. Ne4 Rac8 18. Kb1 Bxb3 19. cxb3 Na5 20. Nd2 Rc7 21.
Rhe1 f6 22. f4 Re8 23. fxe5 fxe5 24. Nc4 Nxb3 25. Qf3 Rxc4 26. Qxb3 Qf7 27. Qd3
Qg6 28. Qxg6 hxg6 29. b3 Rcc8 30. Re4 Kf7 31. Rde1 Kf6 32. Rf1+ Ke6 33. Rg4 Kd5
34. Rxg6 Re7 35. h4 d3 36. h5 e4 37. h6 gxh6 38. Rxh6 d2 39. Rh5+ Re5 40. Rh7
e3 41. Rxb7 e2 0-1

[Event "17th Rakosmente Open"]
[Site "1174 Szabadság utca 24. I. em"]
[Date "2019.03.16"]
[Round "3.1"]
[White "Timko, Gyula"]
[Black "Safar, Istvan"]
[Result "0-1"]
[WhiteElo "1574"]
[BlackElo "1695"]
[PlyCount "156"]
[EventDate "2019.03.15"]

1. Nf3 c5 2. d4 cxd4 3. Nxd4 Nc6 4. c3 a6 5. g3 g6 6. Bg2 Bg7 7. O-O Nf6 8. Nd2
O-O 9. e4 e5 10. N4b3 d6 11. h3 Be6 12. Kh2 Qc7 13. Re1 Rad8 14. Re2 a5 15. a4
Rfe8 16. Qh1 Qb6 17. Qd1 d5 18. exd5 Nxd5 19. Nc4 Qc7 20. Nbd2 Nxc3 21. bxc3
Bxc4 22. Re1 Ba6 23. Qb3 Ne7 24. Ne4 Bc4 25. Qb2 Bd5 26. Be3 Nf5 27. Bb6 Qc6
28. Bxd8 Rxd8 29. Rad1 Ne7 30. Qb5 Ra8 31. Rc1 Qc7 32. c4 Bc6 33. Qb3 Kf8 34.
Red1 Nf5 35. Qa3+ Kg8 36. Rd3 Bf8 37. Qa2 Kg7 38. c5 Nd4 39. Qa1 Rd8 40. f3 Be7
41. Kh1 f5 42. Nf2 Bf6 43. Qa3 Qe7 44. Qc3 Ne2 45. Qd2 Rxd3 46. Qxe2 Rd4 47.
Qc2 Qd7 48. Kg1 Bxa4 49. Qb1 Bc6 50. g4 a4 51. gxf5 Qxf5 52. Ne4 Qf4 53. Rd1
Qe3+ 54. Kh1 Qb3 55. Qxb3 axb3 56. Rb1 Rb4 57. Bf1 b2 58. Bd3 Be7 59. Kg2 Bxe4
60. fxe4 Bxc5 61. Kf3 Bd4 62. Ke2 Ra4 63. Kd2 Ra1 64. Ke2 Kh6 65. Kf3 Kg5 66.
Kg3 Kf6 67. Kg2 h5 68. h4 g5 69. hxg5+ Kxg5 70. Kh3 Rxb1 71. Bxb1 h4 72. Kg2
Kg4 73. Bd3 Kf4 74. Kh3 Bf2 75. Kg2 Ke3 76. Bb1 Bg3 77. Bc2 Kd2 78. Bb1 Kc1 0-1

[Event "17th Rakosmente Open"]
[Site "1174 Szabadság utca 24. I. em"]
[Date "2019.03.16"]
[Round "3.2"]
[White "Marton, Zoltan"]
[Black "Novak, Levente Peter"]
[Result "1-0"]
[WhiteElo "1375"]
[BlackElo "1637"]
[PlyCount "59"]
[EventDate "2019.03.15"]

1. e4 c5 2. Nf3 d6 3. d4 cxd4 4. Nxd4 Nf6 5. Nc3 g6 6. Be2 Bg7 7. O-O Nc6 8.
Be3 O-O 9. f4 Qb6 10. Na4 Qc7 11. Bf3 Bd7 12. Nb5 Qa5 13. c4 Rac8 14. Rc1 Qd8
15. Kh1 Qe8 16. b3 Nb4 17. Nxa7 Bxa4 18. Nxc8 Nxa2 19. bxa4 Nxc1 20. Nb6 e5 21.
Qxc1 exf4 22. Bxf4 Nxe4 23. Bxe4 Qxe4 24. Bxd6 Re8 25. Nd5 Re6 26. Bg3 Rc6 27.
Qf4 Qe2 28. Qxf7+ Kh8 29. Ne7 Qxc4 30. Qe8+ 1-0

[Event "17th Rakosmente Open"]
[Site "1174 Szabadság utca 24. I. em"]
[Date "2019.03.16"]
[Round "3.3"]
[White "Bellan, Istvan"]
[Black "Horvath, Csaba"]
[Result "1/2-1/2"]
[WhiteElo "1870"]
[BlackElo "1823"]
[PlyCount "74"]
[EventDate "2019.03.15"]

1. c4 Nf6 2. Nf3 g6 3. g3 Bg7 4. Bg2 O-O 5. O-O d6 6. d4 Nbd7 7. Nc3 e5 8. e3
Ne8 9. b3 f5 10. Bb2 e4 11. Nd2 Nef6 12. Ne2 Qe8 13. Qc2 g5 14. Rfd1 Qh5 15.
Nf1 Re8 16. b4 Nf8 17. Rd2 Ng6 18. Qb3 Qh6 19. f4 exf3 20. Bxf3 f4 21. exf4
gxf4 22. Rad1 Bg4 23. Bxg4 Nxg4 24. gxf4 Nxf4 25. Nxf4 Qxf4 26. c5+ Kh8 27. Rg2
Rg8 28. h3 Nf2 29. Rd2 Ne4 30. Rde2 Ng5 31. Qe3 Nf3+ 32. Kh1 Qxe3 33. Rxe3 Nxd4
34. Rxg7 Kxg7 35. Bxd4+ Kf7 36. cxd6 cxd6 37. Ng3 Rae8 1/2-1/2

[Event "17th Rakosmente Open"]
[Site "1174 Szabadság utca 24. I. em"]
[Date "2019.03.16"]
[Round "3.4"]
[White "Sulcz, Istvan"]
[Black "Szoukup, Istvan"]
[Result "1-0"]
[WhiteElo "1810"]
[BlackElo "1555"]
[PlyCount "171"]
[EventDate "2019.03.15"]

1. d4 Nf6 2. Nf3 d5 3. c4 g6 4. Nc3 Bg7 5. cxd5 Nxd5 6. e4 Nxc3 7. bxc3 c5 8.
Be3 cxd4 9. cxd4 Qa5+ 10. Qd2 Qxd2+ 11. Nxd2 Nc6 12. Nb3 Be6 13. d5 Bxa1 14.
Nxa1 Bxd5 15. exd5 Nb4 16. Bb5+ Kd8 17. O-O Nxa2 18. d6 exd6 19. Bg5+ Kc7 20.
Bd2 d5 21. Nc2 a6 22. Bd3 a5 23. Ra1 Nb4 24. Nxb4 axb4 25. Rc1+ Kb8 26. Bxb4
Ra4 27. Bd6+ Ka8 28. g3 Rd8 29. Be5 Ra3 30. Bf6 Re8 31. Bb5 Rb8 32. Rd1 Ka7 33.
Rxd5 Rf3 34. Bd4+ b6 35. g4 f5 36. Be2 Rb3 37. gxf5 gxf5 38. f4 Rg8+ 39. Kf2
Rh3 40. Rd7+ Kb8 41. Be5+ Kc8 42. Rc7+ Kd8 43. Bf3 Rxh2+ 44. Kf1 Re8 45. Rb7
Re6 46. Rf7 b5 47. Rxf5 b4 48. Bd5 Re8 49. Rf7 Rd2 50. Bf6+ Kc8 51. Bb7+ Kb8
52. Be5+ Rxe5 53. fxe5 b3 54. Be4 b2 55. Rb7+ Kc8 56. Rb4 Rh2 57. Ke1 Kd7 58.
Bf5+ Kc6 59. e6 Kd6 60. Rb6+ Ke7 61. Rb7+ Ke8 62. Kd1 Rh5 63. Bc2 Rh1+ 64. Kd2
Rh2+ 65. Kc3 Re2 66. Bf5 h5 67. Rxb2 Re5 68. Bg6+ Ke7 69. Bf7 h4 70. Rh2 Re4
71. Kd3 Ra4 72. Ke3 Kf6 73. Rf2+ Ke7 74. Kf3 Rb4 75. Ra2 Rb7 76. Kg4 Rb4+ 77.
Kh3 Rb7 78. Ra4 Rc7 79. Kxh4 Rb7 80. Kg5 Rc7 81. Ra8 Rc5+ 82. Kg6 Rc7 83. Re8+
Kd6 84. Kf6 Rc1 85. Rd8+ Kc7 86. e7 1-0

[Event "17th Rakosmente Open"]
[Site "1174 Szabadság utca 24. I. em"]
[Date "2019.03.16"]
[Round "3.5"]
[White "Ladi, Nandor"]
[Black "Soti, Szabolcs"]
[Result "1-0"]
[WhiteElo "1565"]
[BlackElo "1412"]
[PlyCount "81"]
[EventDate "2019.03.15"]

1. e4 e5 2. Bc4 Nf6 3. Nc3 Nc6 4. Nf3 Bc5 5. d3 d6 6. h3 Be6 7. Bg5 h6 8. Bh4
Qe7 9. a3 Bxc4 10. dxc4 Nd4 11. Nd5 Qd8 12. c3 Ne6 13. Nxf6+ gxf6 14. a4 Ng5
15. b4 Nxe4 16. bxc5 Nxc5 17. Qc2 Qe7 18. Qf5 Nd7 19. Rb1 O-O-O 20. O-O Qe6 21.
Qe4 c6 22. Qe3 Nc5 23. Nd2 Kb8 24. Ne4 Nxe4 25. Qxe4 f5 26. Qxc6 Rd7 27. Qf3
Qxc4 28. Rb4 Qe6 29. Rfb1 e4 30. Qe2 Rc7 31. Bg3 Rg8 32. Qd2 Rd7 33. c4 Kc8 34.
Qe3 b6 35. a5 d5 36. axb6 axb6 37. Rxb6 Rxg3 38. Qxg3 Qxb6 39. Rxb6 Rb7 40.
Rxb7 Kxb7 41. cxd5 1-0

[Event "17th Rakosmente Open"]
[Site "1174 Szabadság utca 24. I. em"]
[Date "2019.03.16"]
[Round "3.6"]
[White "Kovacs, Reka"]
[Black "Hornyak, Geza"]
[Result "0-1"]
[WhiteElo "1252"]
[BlackElo "1547"]
[PlyCount "118"]
[EventDate "2019.03.15"]

1. e4 c5 2. Nf3 Nc6 3. c4 e5 4. Nc3 d6 5. Be2 Nf6 6. O-O Be7 7. Nd5 Nxd5 8.
cxd5 Nd4 9. Nxd4 cxd4 10. Bb5+ Bd7 11. Qa4 a6 12. Bxd7+ Qxd7 13. Qxd7+ Kxd7 14.
b3 Rhc8 15. Rd1 Rc2 16. Ba3 Bg5 17. d3 g6 18. g3 Rac8 19. h4 Bd2 20. Kf1 Bc3
21. Rab1 Rxa2 22. Bc1 Bb4 23. Rb2 Ra1 24. Ke2 Rcxc1 25. Rxc1 Rxc1 26. f4 f6 27.
f5 Re1+ 28. Kf2 Re3 29. g4 Be1+ 30. Kf1 gxf5 31. exf5 Bxh4 32. Rh2 Bg5 33.
Rxh7+ Kc8 34. Rh8+ Kc7 35. Rh7+ Kb6 36. Rg7 Rf3+ 37. Kg2 Rf4 38. Kg3 Rf1 39. b4
Rg1+ 40. Kh2 Rxg4 41. Kh3 Rh4+ 42. Kg3 Rh8 43. Kg4 Rd8 44. Rxg5 fxg5 45. Kxg5
Kb5 46. f6 Kxb4 47. Kg6 Kc5 48. f7 Kxd5 49. Kg7 b5 50. f8=Q Rxf8 51. Kxf8 b4
52. Ke7 b3 53. Kd7 b2 54. Ke8 Ke6 55. Kf8 b1=Q 56. Kg7 Qf1 57. Kg6 Qg2+ 58. Kh7
Kf6 59. Kh8 Qg7# 0-1

[Event "17th Rakosmente Open"]
[Site "1174 Szabadság utca 24. I. em"]
[Date "2019.03.17"]
[Round "4.1"]
[White "Safar, Istvan"]
[Black "Marton, Zoltan"]
[Result "0-1"]
[WhiteElo "1695"]
[BlackElo "1375"]
[PlyCount "54"]
[EventDate "2019.03.15"]

1. d4 c5 2. c3 Nf6 3. g3 e6 4. Bg2 d5 5. Nf3 Nc6 6. O-O Bd6 7. Re1 Qb6 8. e3
O-O 9. Nbd2 e5 10. dxe5 Nxe5 11. Nxe5 Bxe5 12. Qb3 Be6 13. Qxb6 axb6 14. Nf3
Bc7 15. a3 h6 16. h3 Ne4 17. Nd2 f5 18. Nf1 c4 19. Bd2 b5 20. Bxe4 fxe4 21. Kg2
Bxh3+ 22. Kg1 h5 23. Nh2 h4 24. gxh4 Rf6 25. f3 Rg6+ 26. Kh1 Bg2+ 27. Kg1 Bxf3+
0-1

[Event "17th Rakosmente Open"]
[Site "1174 Szabadság utca 24. I. em"]
[Date "2019.03.17"]
[Round "4.2"]
[White "Horvath, Csaba"]
[Black "Timko, Gyula"]
[Result "1-0"]
[WhiteElo "1823"]
[BlackElo "1574"]
[PlyCount "87"]
[EventDate "2019.03.15"]

1. e4 g6 2. d4 Bg7 3. f4 c5 4. Nf3 cxd4 5. Nxd4 a6 6. Bc4 Nc6 7. c3 Qc7 8. Nxc6
bxc6 9. Qe2 Bb7 10. O-O d5 11. Bd3 dxe4 12. Bxe4 Nf6 13. Bf3 O-O 14. Nd2 e6 15.
Nc4 Nd5 16. Ne5 a5 17. Re1 Rfe8 18. Qf2 Rf8 19. Qh4 Qd8 20. Qg3 Rc8 21. Bxd5
cxd5 22. Be3 Ba6 23. Bd4 a4 24. Qf2 Qd6 25. Rad1 Bc4 26. Nxc4 Rxc4 27. Bxg7
Kxg7 28. Rd4 Rfc8 29. Ree4 Qa6 30. Rxc4 dxe4 31. Qd4+ Kg8 32. Rxc8+ Qxc8 33.
Qxe4 Qd7 34. Qd4 Qc6 35. c4 Kf8 36. b3 Ke7 37. b4 a3 38. b5 Qa8 39. Qc5+ Kd7
40. Qd4+ Ke7 41. Qc5+ Kd7 42. b6 Qc6 43. Qxc6+ Kxc6 44. c5 1-0

[Event "17th Rakosmente Open"]
[Site "1174 Szabadság utca 24. I. em"]
[Date "2019.03.17"]
[Round "4.3"]
[White "Novak, Levente Peter"]
[Black "Sulcz, Istvan"]
[Result "0-1"]
[WhiteElo "1637"]
[BlackElo "1810"]
[PlyCount "58"]
[EventDate "2019.03.15"]

1. e4 c5 2. Nf3 Nc6 3. d4 cxd4 4. Nxd4 e5 5. Nb5 d6 6. N1c3 a6 7. Na3 b5 8. Nd5
Nge7 9. Bg5 f6 10. Nxf6+ gxf6 11. Bxf6 Rg8 12. Qh5+ Rg6 13. h3 Be6 14. O-O-O
Bf7 15. Bxe7 Bxe7 16. Qf3 Nd4 17. Qd3 Rc8 18. Kb1 b4 19. c3 bxc3 20. bxc3 Qa5
21. Qxa6 Rb8+ 22. Bb5+ Rxb5+ 23. Nxb5 Qxb5+ 24. Qxb5+ Nxb5 25. Rd3 Rxg2 26. a4
Na3+ 27. Kb2 Rxf2+ 28. Kxa3 d5+ 29. Kb3 dxe4+ 0-1

[Event "17th Rakosmente Open"]
[Site "1174 Szabadság utca 24. I. em"]
[Date "2019.03.17"]
[Round "4.4"]
[White "Hornyak, Geza"]
[Black "Ladi, Nandor"]
[Result "1-0"]
[WhiteElo "1547"]
[BlackElo "1565"]
[PlyCount "93"]
[EventDate "2019.03.15"]

1. d4 d5 2. Nf3 Bf5 3. Nc3 Nf6 4. e3 e6 5. Bd3 Bg6 6. O-O Bd6 7. h3 O-O 8. Ne5
Nbd7 9. Nxg6 fxg6 10. f4 c5 11. Nb5 Bb8 12. c3 a6 13. Na3 Bd6 14. c4 cxd4 15.
exd4 b6 16. b3 Kh8 17. Nc2 Ng8 18. Qg4 Rf6 19. b4 Nh6 20. Qh4 Nf5 21. Bxf5 gxf5
22. c5 Be7 23. Qf2 Rg6 24. Kh1 Nf6 25. Qe3 Ne4 26. Rf3 bxc5 27. dxc5 Rb8 28. a3
Bf6 29. Nd4 Bxd4 30. Qxd4 Qf6 31. Qxf6 Rxf6 32. Bb2 Rf7 33. Be5 Rc8 34. Kh2 Kg8
35. Rc1 Nd2 36. Rd3 Nc4 37. Bd4 g6 38. Rb1 Rb7 39. Bf2 Kf7 40. Rbb3 Rc6 41. a4
Rc8 42. b5 axb5 43. axb5 Ke7 44. c6 Rbb8 45. Bc5+ Kd8 46. Ba7 Ra8 47. b6 1-0

[Event "17th Rakosmente Open"]
[Site "1174 Szabadság utca 24. I. em"]
[Date "2019.03.17"]
[Round "4.5"]
[White "Soti, Szabolcs"]
[Black "Bellan, Istvan"]
[Result "0-1"]
[WhiteElo "1412"]
[BlackElo "1870"]
[PlyCount "102"]
[EventDate "2019.03.15"]

1. e4 d6 2. d4 Nf6 3. Nc3 g6 4. Bd3 Bg7 5. e5 dxe5 6. dxe5 Nfd7 7. f4 O-O 8.
Nf3 Nc5 9. Bc4 Nc6 10. Bd2 Be6 11. Qe2 a6 12. Bxe6 Nxe6 13. O-O-O Ncd4 14. Nxd4
Nxd4 15. Qe4 Nc6 16. Be3 Qc8 17. h3 e6 18. Bc5 Rd8 19. g4 Rxd1+ 20. Rxd1 Qe8
21. h4 Rd8 22. Rxd8 Qxd8 23. g5 h5 24. Qd3 Qxd3 25. cxd3 b6 26. Be3 Ne7 27. Kd2
Nf5 28. Bf2 Kf8 29. a4 Ke8 30. b4 Kd7 31. b5 axb5 32. axb5 Bf8 33. Ne4 Be7 34.
Kc3 c6 35. Kc4 Kc7 36. Nf6 Ba3 37. Ne8+ Kb7 38. Kb3 Bc1 39. Nd6+ Nxd6 40. exd6
cxb5 41. d7 Kc7 42. Bxb6+ Kxd7 43. Kb4 Kc6 44. Bf2 Bxf4 45. d4 Bd6+ 46. Kb3 Kd5
47. Kc2 Bb4 48. Kb3 Ba5 49. Kc2 Ke4 50. Kd1 Kf3 51. Bg1 Kg3 0-1

[Event "17th Rakosmente Open"]
[Site "1174 Szabadság utca 24. I. em"]
[Date "2019.03.17"]
[Round "4.6"]
[White "Szoukup, Istvan"]
[Black "Kovacs, Reka"]
[Result "1-0"]
[WhiteElo "1555"]
[BlackElo "1252"]
[PlyCount "116"]
[EventDate "2019.03.15"]

1. e4 c5 2. Nf3 Nc6 3. d4 cxd4 4. Nxd4 Nf6 5. Nc3 e5 6. Ndb5 d6 7. Nd5 Nxd5 8.
exd5 Ne7 9. c4 a6 10. Qa4 Nc6 11. dxc6 bxc6 12. Nc3 Bd7 13. Qc2 Be7 14. Bd3 f5
15. Bxf5 Bxf5 16. Qxf5 Bf6 17. Qe6+ Qe7 18. Qxe7+ Bxe7 19. Ne4 d5 20. cxd5 cxd5
21. Nc3 Bb4 22. Bd2 O-O-O 23. Rc1 Kb7 24. O-O d4 25. Ne4 Bxd2 26. Nxd2 d3 27.
Rfe1 Rhe8 28. Rc5 Rc8 29. Rxc8 Rxc8 30. g3 Rc2 31. Nb3 d2 32. Rd1 Rxb2 33. Rxd2
Rb1+ 34. Kg2 Kc6 35. Kf3 Re1 36. Re2 Rxe2 37. Kxe2 Kb5 38. Kd3 Kc6 39. Kc4 g5
40. a4 h5 41. Nc5 a5 42. Nb3 Kb6 43. Kd5 g4 44. Kxe5 Ka6 45. Kf5 Kb6 46. Kg5
Kc6 47. Nxa5+ Kc5 48. Nb7+ Kb4 49. a5 Kb5 50. Kxh5 Kc6 51. Kxg4 Kxb7 52. h4 Ka6
53. h5 Kxa5 54. h6 Kb6 55. h7 Kc6 56. h8=Q Kd5 57. Qc3 Kd6 58. Qc4 Ke5 1-0

[Event "17th Rakosmente Open"]
[Site "1174 Szabadság utca 24. I. em"]
[Date "2019.03.17"]
[Round "4.7"]
[White "Makrai, Bence"]
[Black "Szurkos, Andras"]
[Result "0-1"]
[WhiteElo "1429"]
[BlackElo "1689"]
[PlyCount "86"]
[EventDate "2019.03.15"]

1. c4 e5 2. Nc3 Nc6 3. e3 Nf6 4. d4 exd4 5. exd4 Bb4 6. a3 Bxc3+ 7. bxc3 O-O 8.
Bd3 d6 9. Ne2 Bg4 10. f3 Bh5 11. O-O Re8 12. Nf4 Bg6 13. Nxg6 hxg6 14. Bg5 Qd7
15. Qc2 Nh7 16. Bh4 Re3 17. Rae1 Rae8 18. Rxe3 Rxe3 19. Be4 Na5 20. Bd3 Re8 21.
Re1 b6 22. Rxe8+ Qxe8 23. Kf2 c5 24. Qe2 Kf8 25. Qxe8+ Kxe8 26. Bg3 Kd7 27. d5
Nb7 28. f4 Nf6 29. f5 g5 30. h4 gxh4 31. Bxh4 Ng4+ 32. Kg3 Ne5 33. Be2 f6 34.
Kf4 Na5 35. g4 Naxc4 36. a4 Ke7 37. Be1 Nb2 38. Bd2 Nxa4 39. g5 Nb2 40. g6 a5
41. Ke4 a4 42. Bh6 a3 43. Bxg7 a2 0-1

[Event "17th Rakosmente Open"]
[Site "1174 Szabadság utca 24. I. em"]
[Date "2019.03.17"]
[Round "5.1"]
[White "Marton, Zoltan"]
[Black "Horvath, Csaba"]
[Result "1/2-1/2"]
[WhiteElo "1375"]
[BlackElo "1823"]
[PlyCount "60"]
[EventDate "2019.03.15"]

1. e4 c5 2. Nf3 e6 3. c4 Nc6 4. Nc3 a6 5. d4 cxd4 6. Nxd4 Qc7 7. Be3 Nf6 8. a3
Be7 9. Be2 O-O 10. Rc1 d6 11. O-O Nxd4 12. Bxd4 b6 13. f4 Nd7 14. Bf3 Bb7 15.
Kh1 e5 16. Be3 exf4 17. Bxf4 Ne5 18. Nd5 Bxd5 19. cxd5 Qd8 20. Be2 Bf6 21. Be3
b5 22. Qd2 Qd7 23. b3 Rfc8 24. h3 Rxc1 25. Rxc1 Rc8 26. Rc2 Bd8 27. Bd4 f6 28.
Bxe5 fxe5 29. Bg4 Rxc2 30. Qxc2 Qc7 1/2-1/2